Statistiken für Die größten Städte der Welt um das Jahr 100

Klicken Sie hier um das Quiz zu spielen!

Allgemein

  • Dieses Quiz wurde 120 mal gespielt
  • Das Durchschnittsergebnis liegt bei 3 aus 15

Antwortstatistiken

NRLandKontinentEinwohnerStadt% Korrekt
1Römisches ReichEuropa1.000.000Rom
100%
2Römisches ReichAfrika600.000Alexandria
75%
5Römisches ReichAfrika300.000Karthago
48%
10Römisches ReichEuropa120.000Athen
47%
3Römisches ReichAsien500.000Antiochia
10%
8Römisches ReichAsien200.000Ephesos
8%
7Römisches ReichEuropa250.000Korinth
6%
12Römisches ReichEuropa100.000Capua
4%
13Römisches ReichAsien100.000Pergamon
4%
11KuschanaAsien120.000Peschawar
3%
6PartherreichAsien300.000Seleukia-Ktesiphon
3%
15Römisches ReichEuropa100.000Aquileia
2%
14Römisches ReichAsien100.000Caesarea Maritima
2%
4ChinaAsien400.000Luoyang
2%
9Sri LankaAsien130.000Anuradhapura
1%

Verteilung der Resultate

Perzentil nach korrekt beantworteten Fragen

Anzahl Personen mit jedem Resultat

Ihre Resultats-Entwicklung

Sie haben dieses Quiz noch nicht gespielt